000 00583nam a2200217 a 4500
999 _c1408
_d1408
008 200101t2012 xxkad||g |||| 001 0 eng d
020 _a9780080982625
_c$ 64.95
040 _aKO
_beng
041 0 _aeng
044 _axxk
082 0 4 _223
_a623.82
_bB9761
100 1 _aButler,Don
245 1 0 _aA Guid to Ship Repair Estimates in Man-hours /
_cDon Butler
250 _a2nd ed.
260 _aOxford :
_bElsevier Ltd. ,
_c2012.
300 _axi , 122p. :
_bill. , charts ;
_c20 cm.
504 _aIncludes Index.
650 0 _aShipbuilding
_vTextbooks.
942 _cBK